000 00963nam a2200301 a 4500
001 vtls001849836
003 NLI
005 20250403113051.0
008 140506 2009 ii 000 0 hin d
020 _a8181871022
_cRs200 .00
040 _aNLI
_cHindi Div
041 _ahin
044 _aii
082 _aH 004 Mi 2972 ac
_222
100 1 _6880-01
_aमिश्रा,विनोद कुमार
_9679257
245 1 _6880-02
_aआधुनिक कंप्यूटर विज्ञान
_c/विनोद कुमार मिश्रा
260 _aदिल्ली :
_bअलेखा ,
_c2009.
300 _a144 p.
_c21 cm
650 0 _aComputer science.
700 _6880-03
700 _6880-04
880 1 _6100-01/ (B
_aMishra,Vinoda kumāra
880 1 0 _6245-02/ (B
_aādhunika computer vigyān
_c/Vinoda kumāra Mishra
880 1 _6700-03 / (B
880 _6700-04 / (B
887 _ag. shyam
942 _2ddc
_cBKS
999 _c1664355
_d1664324